| 000 | 00705nam a2200205 i 4500 | ||
|---|---|---|---|
| 001 | 186776 | ||
| 003 | ES-MaACL | ||
| 005 | 20250905141637.0 | ||
| 008 | 170214s1910 sp |||| | spa d | ||
| 080 | _a821.134.2-32"19" | ||
| 100 | 1 |
_aHoyos y Vinent, Antonio de, _dca. 1885-1940 _964441 |
|
| 245 | 1 | 0 |
_aBestezuela de amor / _cnovela de Antonio de Hoyos y Vinent ; ilustraciones de Villalobos. |
| 260 |
_aMadrid : _bLos Contemporáneos, _c1910. |
||
| 300 |
_a[20] p. : _bil. ; _c27 cm. |
||
| 490 | 1 |
_aLos contemporáneos ; _v79 |
|
| 700 | 1 |
_aVillalobos Díaz, Manuel, _dn. 1875? _9114964 |
|
| 830 | 0 |
_aLos contemporáneos ; _v79 _9185715 |
|
| 852 |
_aES-MaACL _jR-2599(1) |
||
| 999 |
_c186776 _d186776 |
||